| 000 | 00718nam a22002297a 4500 | ||
|---|---|---|---|
| 005 | 2010081807217.0 | ||
| 010 | _aENG-100884 | ||
| 020 |
_a9788120340114 _c225.00 |
||
| 035 | _aEN-84417 | ||
| 037 | _bDBAD/PUB | ||
| 082 | _a004 | ||
| 100 |
_aRajaraman, V. _914932 |
||
| 245 |
_aFundamentals of computers / _cby V. Rajaraman |
||
| 250 | _a5th ed. | ||
| 260 |
_aNew Delhi _bPHI Learning _c2010 |
||
| 270 |
_aM-97, Connaught Circus _bNew Delhi _e110001 |
||
| 300 |
_axiii,438p.: _bill. _c24cm (pbk) |
||
| 500 | _aincludes index | ||
| 650 |
_aComputer _914933 |
||
| 942 |
_2ddc _cEN _h004 _mRAJ |
||
| 999 |
_c42470 _d42470 |
||